सामान्य गणित NCERT सार ( कक्षा VI-XII सहित) 2024 (Record no. 67218)
[ view plain ]
| 000 -LEADER | |
|---|---|
| fixed length control field | 00572nam a22001577a 4500 |
| 003 - CONTROL NUMBER IDENTIFIER | |
| control field | macl |
| 005 - DATE AND TIME OF LATEST TRANSACTION | |
| control field | 20241019161810.0 |
| 008 - FIXED-LENGTH DATA ELEMENTS--GENERAL INFORMATION | |
| fixed length control field | 241019b |||||||| |||| 00| 0 eng d |
| 040 ## - CATALOGING SOURCE | |
| Transcribing agency | macl |
| 082 ## - DEWEY DECIMAL CLASSIFICATION NUMBER | |
| Classification number | 510 |
| 100 ## - MAIN ENTRY--PERSONAL NAME | |
| Personal name | भारतीय अर्थव्यवस्था NCERT सार ( कक्षा VI-XII सहित) |
| 9 (RLIN) | 82595 |
| 245 ## - TITLE STATEMENT | |
| Title | सामान्य गणित NCERT सार ( कक्षा VI-XII सहित) 2024 |
| 260 ## - PUBLICATION, DISTRIBUTION, ETC. (IMPRINT) | |
| Place of publication, distribution, etc. | दिल्ली |
| Name of publisher, distributor, etc. | कोसमोस |
| Date of publication, distribution, etc. | 2024 |
| 650 ## - SUBJECT ADDED ENTRY--TOPICAL TERM | |
| Topical term or geographic name as entry element | गणित |
| 942 ## - ADDED ENTRY ELEMENTS (KOHA) | |
| Source of classification or shelving scheme | |
| Koha item type | Competitive Books |
No items available.









